Transformasi minda : (Record no. 233)

000 -LEADER
fixed length control field nam a22 a 4500
003 - CONTROL NUMBER IDENTIFIER
control field AKMAL
005 - DATE AND TIME OF LATEST TRANSACTION
control field 20170427150825.0
008 - FIXED-LENGTH DATA ELEMENTS--GENERAL INFORMATION
fixed length control field 270427s2010 my ao e | f000 0 may d
020 ## - INTERNATIONAL STANDARD BOOK NUMBER
International Standard Book Number 9789833109517
020 ## - INTERNATIONAL STANDARD BOOK NUMBER
International Standard Book Number 9789833109524 (kkt.)
040 ## - CATALOGING SOURCE
Transcribing agency AKMAL
082 04 - DEWEY DECIMAL CLASSIFICATION NUMBER
Classification number 089.9923 MOH
Edition number 22
090 00 - LOCALLY ASSIGNED LC-TYPE CALL NUMBER (OCLC); LOCAL CALL NUMBER (RLIN)
Classification number (OCLC) (R) ; Classification number, CALL (RLIN) (NR) 089.9923
Local cutter number (OCLC) ; Book number/undivided call number, CALL (RLIN) MOH
100 0# - MAIN ENTRY--PERSONAL NAME
Personal name Mohd. Najib Tun Haji Abdul Razak,
Titles and words associated with a name Dato' Sri,
Dates associated with a name 1953-
9 (RLIN) 528
245 10 - TITLE STATEMENT
Title Transformasi minda :
Remainder of title memeta wawasan melaksana amanah = The future mind : mapping the future delivering the trust / Najib Tun Razak
246 31 - VARYING FORM OF TITLE
Title proper/short title The future mind : mapping the future delivering the trust
260 ## - PUBLICATION, DISTRIBUTION, ETC.
Place of publication, distribution, etc. Kuala Lumpur :
Name of publisher, distributor, etc. Institut Tadbiran Awam Negara,
Date of publication, distribution, etc. 2010
300 ## - PHYSICAL DESCRIPTION
Extent ix, 165ms. :
Other physical details gf. (wrn.) ;
Dimensions 22cm.
600 0# - SUBJECT ADDED ENTRY--PERSONAL NAME
Personal name Mohd. Najib Tun Haji Abdul Razak,
Titles and other words associated with a name Dato' Sri,
Dates associated with a name 1953-
9 (RLIN) 528
650 0# - SUBJECT ADDED ENTRY--TOPICAL TERM
Topical term or geographic name entry element Mohd. Najib Tun Haji Abdul Razak,
Location of event Dato' Sri,
Active dates 1953-
General subdivision Quotations
9 (RLIN) 529
650 10 - SUBJECT ADDED ENTRY--TOPICAL TERM
Topical term or geographic name entry element Prime ministers
Geographic subdivision Malaysia
General subdivision Quotations
9 (RLIN) 530
650 20 - SUBJECT ADDED ENTRY--TOPICAL TERM
Topical term or geographic name entry element Speeches, addresses, etc.
9 (RLIN) 54
942 ## - ADDED ENTRY ELEMENTS (KOHA)
Source of classification or shelving scheme
Koha item type Book
Holdings
Withdrawn status Lost status Source of classification or shelving scheme Damaged status Not for loan Collection code Home library Current library Shelving location Date acquired Inventory number Total Checkouts Full call number Barcode Date last seen Price effective from Koha item type
          NON-FICTION AKMAL Melaka AKMAL Melaka PINJAMAN 27.04.2017 000719   089.9923 MOH 201700607 27.04.2017 27.04.2017 Book
Pusat Sumber Maklumat Dato' Haji Sarmin Md Hussin, Akademi Kastam Diraja Malaysia, Melaka
Tel: 06-2331106 | Faks: 06-2313787